¿Hacia dónde va la planificación urbana en Costa Rica? (Una interpretación sociológica) /
Es una reflexión acerca del "quehacer de la planificación urbana" dentro del contexto actual, con la intención de retomar y problematizar desde la perspectiva de la sociología urbana, algunos elementos que por su natureleza y relevancia tienen relación directa con esa actividad y que por s...
Zapisane w:
| 1. autor: | |
|---|---|
| Format: | Texto |
| Hasła przedmiotowe: | |
| Etykiety: |
Dodaj etykietę
Nie ma etykietki, Dołącz pierwszą etykiete!
|
MARC
| LEADER | 00000 a a2200000 04500 | ||
|---|---|---|---|
| 001 | 15357 | ||
| 003 | |||
| 040 | |||
| 100 | |a Retana Guido, Juan Carlos | ||
| 245 | |a ¿Hacia dónde va la planificación urbana en Costa Rica? (Una interpretación sociológica) / |c Juan Carlos Retana Guido | ||
| 520 | |a Es una reflexión acerca del "quehacer de la planificación urbana" dentro del contexto actual, con la intención de retomar y problematizar desde la perspectiva de la sociología urbana, algunos elementos que por su natureleza y relevancia tienen relación directa con esa actividad y que por su vigencia son susceptibles de ser tratados al nivel de una discusión profunda y amplia, que permita establecer una aproximación en torno a cuáles deben ser las tareas prioritarias a mediano y largo plazo, sobre las que sustente el desarrollo futuro de la planificación urbana. El trabajo problematiza en torno a las contradicciones, alcances y limitaciones que tiene la praxis de la planificación urbana central dentro del contexto de globalización y neoliberalismo |a señala el proceso de descentralización y participación ciudadana como alternativas, así como los obstáculos que enfrenta. Para una mejor comprensión de los complejos procesos por los que transcurre y con las que se involucra la planificación urbana en nuestro medio, el autor ha dividido su trayectoria en tres etapas con base en los aspectos más relevantes y homogéneos, así como los cambios esenciales de orientación funcional capaces de marcar las diferencias. REV/LCL | ||
| 650 | |a PUB.IIS | ||
| 650 | |a SOCIOLOGIA URBANA | ||
| 650 | |a DESARROLLO URBANO | ||
| 650 | |a PLANIFICACION URBANA | ||
| 773 | |g volumen 42, número 88 (2); páginas 97-108 | ||
| 999 | |c 28388 |d 28388 | ||
| 773 | 0 | |0 18728 |9 3049 |a Universidad de Costa Rica |d San José, Costa Rica Editorial UCR 1956- |o 18176 |t Revista de Ciencias Sociales/ |x 04825276 | |
